1356 1048 1197 1402 1382 1800 1026 1250 1586 1621 1406 1633 1692 1798 1068 1618 1082 1193 1065 1011 1025 1406 1329 1789 1295 1414 1437 1143 1817 1812 1200 1310 1097 1564 1098 1611 1386 1177 1673 1631 1376 1670 1091 1943 1753 1794 1184 1236 1607 1444 1375 1831 1071 1476 1974 1713 1151 1162 1195 1151 1859 1902 1048 1324 1938 1362 1824 1073 1199 1640 1656 1522 1735 1049 1790 1878 1145 1692 1917 1850 1785 1166 1404 1504 1790 1777 1496 1252 1984 1160 1503 1422 1817 1843 1129 1587 1905 1523 1994 BCNSPRNW ULIB Ver.6.0+V

เปลี่ยนเป็นภาษาไทย

Change to English
 แสดงรายละเอียดบรรณานุกรม
  กลับหน้าหลัก

Brief Record : Get Marc (ISO 2709) : E-mail record : QR code < ปิดหน้าต่าง
LEADER : 00000nam 2200000uu 4500
001    13399115024
003     ULIB
008    020711s2006 th a 000 0 eng d
020    ^a9780323037266
060    ^aQZ4^bZ58M
100    ^aJoann Zerwekh
245    ^aMosby s Pathophysiology Memory NoteCards: Visual, Mnemonic, and Memory Aids for Nurses/^cJoann Zerwekh, Jo Carol Claborn, Tom Gaglione
250    ^a1stth ed
260    ^aSt.Louis :^bMosby Elsevier,^c2006
300    ^a202 pages
650     Pathophysiology
945    ^p699^l0^i027441
999    ^aวรรณษา ชูชัยมงคล
รายการนี้ยังไม่มีแท็ก
คุณยังไม่ได้ล็อกอิน คุณสามารถมีกิจกรรมร่วมกับเว็บไซต์ได้ แต่ต้องล็อกอินก่อน ::
  ล็อกอิน

รายการสื่อสารสนเทศ

ลำดับที่ ประเภท เลขเรียก/บาร์โค้ด สถานที่ สถานะ
- ไม่พบข้อมูล -

รายการใกล้เคียง
    ผู้แต่ง [Joann Zerwekh]

    หัวเรื่อง [Pathophysiology]

BibComment


ยังไม่เคยถูกคอมเมนท์

คอมเมนท์ทรัพยากรรายการนี้
  คอมเมนท์: Mosby s Pathophy..


 Copyright 2026. Bcnsprnw @Library